Biblioteca

Huellas en el desierto (Registro nro. 69169)

Detalles MARC
000 -LÍDER
Campo fijo de descripción fija 01242aam a2200325 i 4500
001 - NÚMERO DE CONTROL
Campo de control 768714001
003 - IDENTIFICADOR DEL NÚMERO DE CONTROL
Campo de control CO-MdFUSB
005 - FECHA Y HORA DE LA ULTIMA TRANSACCIÓN
control field 20240618062725.0
007 - CAMPO FIJO DE DESCRIPCIÓN FIJA--INFORMACIÓN GENERAL
Campo fijo de descripción fija ta
008 - ELEMENTOS DE LONGITUD FIJA -- INFORMACIÓN GENERAL
Campo fijo de descripción fija -- Información general 231017t20102010spa||||g |||| 00| 0 spa d
020 ## - NÚMERO INTERNACIONAL NORMALIZADO PARA LIBROS
Información adicional [No incluye ISBN]
040 ## - FUENTE DE CATALOGACIÓN
Agencia de catalogación original CO-MdFUSB
Idioma de catalogación spa
Agencia que realiza la transcripción CO-MdFUSB
Agencia que realiza la modificación CO-MdFUSBC
Convenciones de la descripción rda
041 ## - CÓDIGO DE IDIOMA
Código de idioma para texto/pista de sonido o título separado spa
082 ## - NÚMERO DE CLASIFICACIÓN DECIMAL DEWEY
Número de la edición del Dewey 23
Número de clasificación 266
Clave de autor-Numero de item C317
100 ## - ASIENTO PRINCIPAL--NOMBRE PERSONAL
Nombre personal Carrillo, Pablo
Término relacionador autor
245 ## - TÍTULO
Título del Material Huellas en el desierto
Mención de responsabilidad, etc. / Pablo Carrillo
250 ## - MENCIÓN DE EDICIÓN
Mención de edición Primera edición
264 #1 - PRODUCCIÓN, PUBLICACIÓN, DISTRIBUCIÓN, MANUFACTURA, Y COPYRIGHT
Lugar de producción, publicación, distribución, manufactura Granada, España :
Nombre del productor, publicador, distribuidor PM Internacional,
Fecha de producción, publicación, distribución, manufactura, o copyright [2010]
264 #4 - PRODUCCIÓN, PUBLICACIÓN, DISTRIBUCIÓN, MANUFACTURA, Y COPYRIGHT
Fecha de producción, publicación, distribución, manufactura, o copyright ©2010
300 ## - DESCRIPCIÓN FÍSICA
Extensión 221 páginas
Dimensiones ; 22 cm
336 ## - TIPO DE CONTENIDO
Fuente rdacontent
Término de tipo de contenido texto
Código de tipo de contenido txt
337 ## - TIPO DE MEDIO
Fuente rdamedia
Nombre del tipo de medio sin mediación
Código del tipo de medio n
338 ## - TIPO DE SOPORTE
Fuente rdacarrier
Nombre del tipo de soporte volumen
Código Tipo de soporte nc
504 ## - NOTA DE BIBLIOGRAFÍA, ETC.
Nota de bibliografía, etc Incluye índice
505 ## - NOTA DE CONTENIDO
Nota de contenido con formato preestablecido El lugar donde el oriente se encuentra con el occidente -- La década revolucionaria -- El precio de ser discípulo -- Partiendo las aguas del Atlántico -- En la tierra de gigantes -- Las regiones más allá -- Jane, mi compañera de lucha -- A las puertas de una Nueva Era -- Las vueltas a los muros -- Peregrinando en tiendas -- La visión se encarna -- La visión se expande.
563 ## - NOTA DE ENCUADERNACIÓN
Nota de encuadernación Rústico.
650 #0 - ASIENTO SECUNDARIO DE MATERIA - TERMINO TEMÁTICO
Término temático o nombre geográfico como elemento de entrada Misiones
9 (RLIN) 154
942 ## - TIPO DE MATERIAL (KOHA)
Tipo de Item KOHA Libros General
945 ## - INFORMACIÓN LOCAL DEL REGISTRO
Catalogador sor1564
Existencias
Estado de Material Estado de Perdido Forma de Clasificación Estado de Dañado No para Préstamo Colección Biblioteca de Origen Biblioteca Permanente Fecha de Adquisición Área Total de Préstamos Signatura Topográfica Código de Barras Última vez visto Ejemplar/Existencia Fecha de Remplazo Tipo de Material
    Dewey Decimal Classification     Colección General Biblioteca FUSBC Biblioteca FUSBC 17/10/2023 MISIONES / EVANGELISMO   G 266 C317h 22434 17/10/2023 Ej. 1 17/10/2023 Libros General

Biblioteca FUSBC | Teléfono: (57+4) 349 88 10 Ext. 141| WhatsApp (+57) 3005338115 
E-mail: biblioteca@unisbc.edu.co | Calle 76 87-14 Robledo Palenque, Medellín, Colombia

Con tecnología Koha